A companion to museum studies

Αποθηκεύτηκε σε:
Λεπτομέρειες βιβλιογραφικής εγγραφής
Άλλοι συγγραφείς: Macdonald, Sharon (Επιμελητής έκδοσης)
Μορφή: Βιβλίο
Γλώσσα:English
Δημοσίευση: Malden, MA : Blackwell Pub., c2006.
Σειρά:Blackwell companions in cultural studies ; 12
Θέματα:
Ετικέτες: Προσθήκη ετικέτας
Δεν υπάρχουν, Καταχωρήστε ετικέτα πρώτοι!

MARC

LEADER 00000cam a2200000 i 4500
001 1/97659
008 081119s2006 mau| ||| |||| ||eng||
020 |a 9781405108393 
035 |l 10101801 
040 |a GR-MyUa  |b gre  |e AACR2 
041 0 |a eng 
082 7 |a 069   |2 (22)  
245 1 2 |a A companion to museum studies /   |c edited by Sharon Macdonald.  
260 |a Malden, MA :   |b Blackwell Pub.,   |c c2006.  
300 |a xx, 570 σ. :   |b εικ. ;   |c 25 εκ.  
490 1 |a (Blackwell companions in cultural studies ;   |v 12)  
504 |a Περιλαμβάνει βιβλιογραφικές παραπομπές και ευρετήριο.  
650 0 |a Museums  |x Philosophy. 
650 0 |a Museums  |x Social aspects. 
650 0 |a Museum techniques. 
700 1 |a Macdonald, Sharon,  |e edt 
767 0 8 |i Μεταφρασμένο ως:   |t Μουσείο και μουσειακές σπουδές :  
830 0 |a Blackwell companions in cultural studies ;  |v 12 
852 |a INST  |b CHIOS  |e 20081119  |h 069 COM  |p 005200030776  |q 005200030776  |t BK  |y 0 
852 |a INST  |b LESVOS  |e 20081222  |h 069 COM  |p 005100043769  |q 005100043769  |t BK  |y 0 
901 |a BIBL2-2008-3 
901 |a BIBL1-2008-3 
922 |a 2ΕΛΗ  |b 200809  |c ΕΠΕΑΕΚ2/ΤΔΕ  |d Ι. Μιχαλόπουλος 
922 |a 1ΕΛΗ  |b 200809  |c ΕΠΕΑΕΚ2/ΠΤΕ  |d Μιχαλόπουλος 
970 |a Βασιλάκη  |b Νίκη  |z 19/11/2008